Os mais belos contos de Perrault (Registo nº 4221)

Detalhes MARC
000 -Etiqueta do registo
Cabeçalho 00930nam0a2200289 4500
005 - Identificador da versão
Campo de controlo 20240813122055.0
095 ## -
-- PTBN00452694
010 ## - Número internacional normalizado dos livros (ISBN)
Número (ISBN) 9722611135
021 ## - Número do Depósito Legal
Código do país PT
Número 63177/93
100 ## - Dados gerais de processamento
Dados gerais de processamento 20170210d1994 a y0pory5003 ba
102 ## - Pais de publicação ou produção
País de publicação Portugal
101 1# - Língua de publicação
Língua do texto, banda sonora, etc. Português
Língua do documento no original Inglês
215 ## - Descrição física 
Indicação específica da natureza do documento e extensão da espécie 98, [2] p.
Outras indicações físicas il. color
200 1# - Titulo e menção de responsabilidade
Título próprio Os mais belos contos de Perrault
Primeira menção de responsabilidade il. por Michel Fiodorov
Outras menções de responsabilidade trad. Carlos José Marques Duarte de Jesus
225 1# - Colecção 
Título próprio da colecção Grandes ilustradores da escola russa
210 ## - Publicação, Distribuição, etc. 
Lugar da edição, distribuição, etc. [Porto]
Nome do editor, distribuidor, etc. Civilização
Data da publicação, distribuição, etc. cop. 1993
Data da impressão imp. 1994
300 ## - Notas gerais 
Texto da nota PNL
606 ## - Nome comum usado como assunto
Número de registo de entrada de autoridade 0001419
Palavra de ordem Literatura francesa
Subdivisão de assunto Conto
Código do sistema CA
675 ## - Classificação Decimal Universal (CDU)
Notação 821.133.1-34
Edição 3ª ed.
Língua da edição por
702 #1 - Nome de autor-pessoa física (responsabilidade secundária)
Número de registo de entrada de autoridade 0000889
Palavra de ordem Fiodorov
Outra parte do nome não tomada para palavra de ordem Michael
Código de função Ilustrador / Técnico de desenho computorizado
Número de registo de entrada de autoridade 0000890
Palavra de ordem Jesus
Outra parte do nome não tomada para palavra de ordem Carlos José Marques Duarte de
Código de função Tradutor
700 #1 - Nome de autor-pessoa física (responsabilidade principal)
Número de registo de entrada de autoridade 0001420
Palavra de ordem Perrault
Outra parte do nome não tomada para palavra de ordem Charles
Datas 1628-1703
966 ## - Identificação da Biblioteca
Sigla EBVEN
942 ## - Elementos de entrada adicionados (Koha)
Tipo de item no Koha Livro
Exemplares
Situação do levantamento Origin of item (home branch) (coded) Biblioteca de empréstimo Código de barras Cota Circulation type (not for loan) Tipo de documento Nota do exemplar Damaged status
  Biblioteca Escolar das Vendas Biblioteca Escolar das Vendas BEV110 8EST PER PNL   Livro Sem mensagem  
  Biblioteca Escolar das Vendas Biblioteca Escolar das Vendas BEV116 8EST PER PNL   Livro Sem mensagem